ARRUPE JESUIT UNIVERSITY

CORONAVIRUS -STOP THE SPREAD - CLEAN,DISINFECT,COVER

Clausewitz / (Record no. 122850)

MARC details
000 -LEADER
fixed length control field 01066pam a2200325 a 4500
001 - CONTROL NUMBER
control field 3278456
003 - CONTROL NUMBER IDENTIFIER
control field ARRUPE
005 - DATE AND TIME OF LATEST TRANSACTION
control field 20150518145310.0
008 - FIXED-LENGTH DATA ELEMENTS--GENERAL INFORMATION
fixed length control field 820805s1983 enk b 001 0 eng
010 ## - LIBRARY OF CONGRESS CONTROL NUMBER
LC control number 82014246
020 ## - INTERNATIONAL STANDARD BOOK NUMBER
International Standard Book Number 0192876082 :
Terms of availability $13.95 (U.S.)
020 ## - INTERNATIONAL STANDARD BOOK NUMBER
International Standard Book Number 0192876074 (pbk.) :
Terms of availability $3.95 (U.S.)
040 ## - CATALOGING SOURCE
Original cataloging agency DLC
Transcribing agency DLC
Modifying agency DLC
050 00 - LIBRARY OF CONGRESS CALL NUMBER
Classification number U21
Item number .H851
082 00 - DEWEY DECIMAL CLASSIFICATION NUMBER
Classification number 355/.02/0924
Edition number 19
300 ## - PHYSICAL DESCRIPTION
Dimensions 23 cm.
100 1# - MAIN ENTRY--PERSONAL NAME
Personal name Howard, Michael,
Dates associated with a name 1922-
9 (RLIN) 11370
245 10 - TITLE STATEMENT
Title Clausewitz /
Statement of responsibility, etc Michael Howard.
260 ## - PUBLICATION, DISTRIBUTION, ETC. (IMPRINT)
Place of publication, distribution, etc Oxford ;
-- New York :
Name of publisher, distributor, etc Oxford University Press,
Date of publication, distribution, etc 1983.
300 ## - PHYSICAL DESCRIPTION
Extent 79 p. ;
440 #0 - SERIES STATEMENT/ADDED ENTRY--TITLE
Title Past masters
9 (RLIN) 14869
500 ## - GENERAL NOTE
General note Erratum slip mounted on p. 73.
500 ## - GENERAL NOTE
General note Includes index.
504 ## - BIBLIOGRAPHY, ETC. NOTE
Bibliography, etc Bibliography: p. [75]-76.
600 10 - SUBJECT ADDED ENTRY--PERSONAL NAME
Personal name Clausewitz, Carl von,
Dates associated with a name 1780-1831.
9 (RLIN) 17855
650 #0 - SUBJECT ADDED ENTRY--TOPICAL TERM
Topical term or geographic name as entry element War.
9 (RLIN) 6446
650 #0 - SUBJECT ADDED ENTRY--TOPICAL TERM
Topical term or geographic name as entry element Military art and science.
9 (RLIN) 17856
856 41 - ELECTRONIC LOCATION AND ACCESS
Materials specified Table of contents only
Uniform Resource Identifier <a href="http://www.loc.gov/catdir/enhancements/fy0637/82014246-t.html">http://www.loc.gov/catdir/enhancements/fy0637/82014246-t.html</a>
906 ## - LOCAL DATA ELEMENT F, LDF (RLIN)
a 7
b cbc
c orignew
d 1
e ocip
f 19
g y-gencatlg
942 ## - ADDED ENTRY ELEMENTS (KOHA)
Source of classification or shelving scheme Library of Congress Classification
Koha item type Monograph ( Printed materials)
Holdings
Withdrawn status Lost status Source of classification or shelving scheme Damaged status Not for loan Collection code Home library Current library Shelving location Date acquired Total Checkouts Full call number Barcode Date last seen Price effective from Koha item type
    Library of Congress Classification     Main Collection ARRUPE LIBRARY ARRUPE LIBRARY Main Collection 18/05/2015   U21.H851 46500002334 11/09/2019 18/05/2015 Monograph ( Printed materials)

 

Arrupe Library. PO Box MP320 Mt Pleasant, Harare, Zimbabwe
263 242 745411|librarian@aju.ac.zw